Quizzes
Events
Quiz Creation
Community
Videos
Private Events
Remove Ads
Sign In
Join for FREE
Feedback
Dark Mode
Quiz Categories
Sports
Geography
Music
Movies
Television
Just For Fun
Miscellaneous
History
Literature
Language
Science
Gaming
Entertainment
Religion
Holiday
For Kids
Quiz Lab
Recent
Popular Today
Quiz Kudos Today
Editor Picks
Curator Picks
Quizzes by...
Day
Popularity
Type
Ratings
Length
Year
Community
Subscriptions
Recent Discussions
Orange Saloon
Badges
Playlists
Quests
Create
Leaderboards
Showdown
Live 5
Trivia Bingo
Activity
Puzzle Library
Sporcle Events
Private Events
Virtual Trivia
Globe League
Become a Host
Pub Owners
SporcleCon
Opinionation
Our Games
Videos
Blog
Mobile Apps
Partnerships
Remove Ads and Go Orange
Feedback
Sports
Athletes
MLB
NBA
NHL
NFL
Soccer
Sports Teams
WWE
NCAA
Football
Premier League
Basketball
Baseball
Hockey
Golf
Tennis
Cricket
Rugby
Auto Racing
Olympics
World Cup
Sports
Athletes
MLB
NBA
NHL
NFL
Soccer
Sports Teams
WWE
NCAA
Football
Premier League
Basketball
Baseball
Hockey
Golf
Tennis
Cricket
Rugby
Auto Racing
Olympics
World Cup
Random Quiz
Search Sporcle
×
Quiz Lab
Quiz Lab
Sports
participant
Type in answers that appear in a list
Type in answers that appear in a list
Classic
Best Score? Go Orange.
WrestleMania Main Event Participants Stats
Can you name the WrestleMania Main Event Participants?
By
CrowPRIDE
5m
56 Questions
642 Plays
642 Plays
642 Plays
Comments
Comments
Give Quiz Kudos
Give Quiz Kudos
-
- Ratings
hide this ad
Replay
Link that replays current quiz
Next Quiz
Link to next quiz in quiz playlist
You Got
0%
They Got
Avg Score
90%
Avg Friend Score
Upgrade to see
Score Distribution
Jump to the score distribution portion of the page
Score
0/56
Timer
05:00
0
Plays Today
% Correct
Hulk Hogan
99.1%
Hulk Hogan
99.1%
Hulk Hogan
99.1%
Hulk Hogan
99.1%
Hulk Hogan
99.1%
Hulk Hogan
99.1%
Hulk Hogan
99.1%
Hulk Hogan (won the title immediate after the official main event)
98.9%
The Undertaker
97.5%
The Undertaker
97.5%
Triple H
97.2%
Triple H
97.2%
Triple H
97.2%
Triple H
97.2%
Triple H
97.2%
Triple H
97.2%
Shawn Michaels
96.9%
Shawn Michaels
96.9%
Shawn Michaels
96.9%
Shawn Michaels
96.9%
Steve Austin
96.7%
Steve Austin
96.7%
The Rock
96.7%
The Rock
96.7%
Steve Austin
96.7%
The Rock
96.7%
Bret Hart
94.4%
Bret Hart
94.4%
% Correct
Bret Hart
94.4%
John Cena
93.3%
John Cena
93.3%
Andre the Giant
93.1%
Randy Orton
92.4%
Ultimate Warrior
90.3%
Randy Savage
89.1%
Randy Savage
89.1%
Yokozuna
89.1%
Yokozuna
89.1%
Edge
88.9%
Chris Benoit
88%
Batista
88%
Kurt Angle
87.1%
Big Show
86.3%
Roddy Piper
85.8%
Mr. T
84.6%
Chris Jericho
83.5%
Brock Lesnar
83.5%
Mick Foley
82.8%
King Kong Bundy
77.1%
Sgt. Slaughter
77.1%
Ted DiBiase
76.9%
Paul Orndorff
73.6%
Sid Justice
70.7%
Sycho Sid
70.7%
Bam Bam Bigelow
68.3%
Lawrence Taylor
66.1%
Quiz Playlist
Details
Report
Send in Message
Add To Playlist
Classic:
Type in answers that appear in a list
Last Updated: Feb 16, 2017
Quiz Scoreboard
CHALLENGE
Sign Up to Join the Scoreboard
Show All
Scores
Hide
Comments
May contain spoilers
Recently Published
Billboard Blitz: Fleetwood Mac
by CooCooCachoo
Music
15s
Presidents Visiting Landmarks
by Hejman
History
7m
An Introduction to Baseball
by treessimontrees
Sports
5m
More to Explore
Quiz From the Vault
Featured Blog Post
Where Did the Easter Bunny Come From?
hide this ad
You Might Also Like...
Tags
Event
Main Event
participant
Wrestlemania
Today's Top Quizzes in Sports
Browse Sports
hide this ad
Today's Top Quizzes in participant
Browse participant
Top Contributed Quizzes in Sports
1
Les meilleurs buteurs des matchs entre le PSG et l’OM
2
2022 World Cup Stars
3
FIFA Club World Cup Champions
4
Les entraîneurs de l'OM et du PSG au 21e siècle
5
Name the Premier League winners with different clubs
6
5-to-1: UK Sports Teams
7
La finale Lions - Afrique du Sud 2021
8
Criteria MLB: Left Handed Sluggers
9
AFC Teams Reveal (Wrong Answers Minefield)
10
England Test cricketers to play under Nasser Hussain
Explore More
Trending Topics
Marvel
Crossword
Kpop
Disney
Anime
NBA
Harry Potter
NFL
WWE
The Office
Soccer
Puzzle
Song
Pokémon
Country
hide this ad
More By:
CrowPRIDE
Quiz
Plays
Rating
Category
Featured
Created
NFL Team's Last 6 Passing Leaders
10,365
4.40
Sports
Dec 1, 2009
WWF Royal Rumble 1988-1994
7,145
4.53
Sports
Nov 1, 2009
NFL Team's Last 6 Rushing Leaders
5,998
4.42
Sports
Dec 1, 2009
WWF Royal Rumble 1995-2000
3,927
3.67
Sports
Nov 1, 2009
WWE Royal Rumble 2007-2010
3,839
2.88
Sports
Nov 1, 2009
Go to Creator's Profile
Score Distribution
Quiz Creator Spotlight
CrowPRIDE
Follow
Send a Message
Quizzes Created
-
Created Quiz Play Count
-
More By This Creator
Popular Quizzes Today
1
Find the US States - No Outlines Minefield
2
Find the Countries of Europe - No Outlines Minefield
3
The Countries of the World
4
Find the US States
5
US States
6
Popular People in 1961
7
Risky Map Clicking: Biggest States A-Z
8
Movies - When Are They Set?
More Sports Quizzes
2001 NBA All Star Game - West Team
Quiz Lab
Trending Quizzes
Risky Map Clicking: Least Populous States A-Z
1-10 Letter G Words
1-10 Letter F Words
Risky Map Clicking: Next State Alphabetically
'A' Boys' Names Grid
Recently Updated
Leaping Animals
pecheneg
Reality TV Shows (A-Z)
bhenderson79
Rickey Henderson's Hall of Fame Teammates
pecheneg
Champions League XIs: Arsenal
pecheneg
Quick Pick: Celebrities in WWE's Hall of Fame
aduchscher
A-Z Keypad Blitz II
pecheneg
Multiple Oscar Actors
pecheneg
Mystery Phrase Blitz: Oscar 'Best Actors'
pecheneg
F. Scott Fitzgerald Novels
LTH
Pick 3 Villains
ddd62291
Trending Topics
Disney
Crossword
Marvel
Harry Potter
NBA
Kpop
Anime
WWE
Song
NFL
Country
Pokémon
The Office
Puzzle
Soccer
Your Account Isn't Verified!
In order to create a playlist on Sporcle, you need to verify the email address you used during registration. Go to your
Sporcle Settings
to finish the process.
Report this User
Report this user for behavior that violates our
Community Guidelines
.
Details:
Send Report
Go to the Sporcle.com Mobile Site →
Comments